| 000 | 00444nam a22001697a 4500 | ||
|---|---|---|---|
| 003 | NUST - PNEC | ||
| 005 | 20170116181049.0 | ||
| 008 | 150928b xxu||||| |||| 00| 0 eng d | ||
| 020 | _a0124438679 | ||
| 040 | _cLIBRARY | ||
| 082 | _a006.32 LEO | ||
| 100 |
_911789 _a Leondes, Cornelius T |
||
| 245 |
_aControl and dynamic systems vol-7 _cCornelius T Leondes |
||
| 260 | _cc 1998 | ||
| 650 |
_97706 _aAutomatic control _xME |
||
| 942 |
_2ddc _cBK |
||
| 999 |
_c68315 _d68315 |
||